...और आगे बढ़ते रहो / (Record no. 207033)

MARC details
000 -LEADER
fixed length control field 00691nam a22001817a 4500
005 - DATE AND TIME OF LATEST TRANSACTION
control field 20241127111540.0
010 ## - LCCN (DPL NO)
LC control number HIN-128825
020 ## - INTERNATIONAL STANDARD BOOK NUMBER
International Standard Book Number 9789383233809
Terms of availability 200.00
035 ## - SYSTEM CONTROL NUMBER
System control number HN-101171
037 ## - SOURCE OF ACQUISITION
Source of stock number/acquisition DBAD
082 ## - DEWEY DECIMAL CLASSIFICATION NUMBER
Classification number 158.1
100 ## - MAIN ENTRY--PERSONAL NAME
Personal name रश्मि
245 ## - TITLE STATEMENT
Title ...और आगे बढ़ते रहो /
Statement of responsibility, etc रश्मि
260 ## - PUBLICATION, DISTRIBUTION, ETC. (IMPRINT)
Place of publication, distribution, etc नई दिल्ली
Name of publisher, distributor, etc किताबघर प्रकाशन
Date of publication, distribution, etc 2022
270 ## - ADDRESS
Address 4855-56/24, अंसारी रोड , दरियागंज,
City नई दिल्ली
Postal code 110002
300 ## - PHYSICAL DESCRIPTION
Extent 127पृ.
Dimensions 22सेमी(सजिल्द)
942 ## - ADDED ENTRY ELEMENTS (KOHA)
Source of classification or shelving scheme Dewey Decimal Classification
Item type Hindi Books
Classification part 158.1
Call number suffix रश्मिऔ
Holdings
Withdrawn status Lost status Not for loan Collection code Home library Current library Date acquired Source of acquisition Cost, normal purchase price Full call number Barcode Copy number Cost, replacement price Koha item type
      Non-fiction Bawana Bawana 27/11/2024 DBAD 200.00 158.1 रश्मि HN-101171 1 200.00 Hindi Books

© Delhi Public Library
Hit Counter
free hit counter